LDR 00647naa#a2200181#i#450# 001 EN\\bibl\109271 005 20260501211333.5 011 ## _a2409-3750 100 ## _a20251203b2025####ek#y0engy0150####ca 102 ## _aRU 200 1# _aA review of drugs for the treatment of dyslipidemia _eJournal article 210 1# _aTula _cLLC Information and publishing center Innovations and investments _d2025 215 ## _a3 с. 608 ## _aJournal article _2local 675 ## _aОбмен жиров и липоидов. 615.272.4 _aМедицина. Охрана здоровья. 61 _z 700 #1 _aKirkina _gNatal'ya Yur'evna 700 #1 _aGolomysova _gA. D. 856 4# _anaukaru.ru _u